000 00281nam a22001337a 4500
008 181023b xxu||||| |||| 00| 0 eng d
020 _a9780809205073
041 _aeng
080 _a370
100 _a39
101 _aEDU
245 _aBest Plays
_cLoraine.H
942 _2udc
_cBK
999 _c50685
_d50685